Central Library OPAC University of Rajshahi

Commerce / (Record no. 49553)

MARC details
000 -LEADER
fixed length control field 00670nam a22002292 4500
001 - CONTROL NUMBER
control field 49553
003 - CONTROL NUMBER IDENTIFIER
rucl marc code BD-RjUL
005 - DATE AND TIME OF LATEST TRANSACTION
control field 20211209054708.0
008 - FIXED-LENGTH DATA ELEMENTS--GENERAL INFORMATION
fixed length control field 160821r19631962enk 000 0 eng d
035 ## - SYSTEM CONTROL NUMBER
System control number OCLC ocm01726800 from D970326M
-- (BD-RjUL)49672
040 ## - CATALOGING SOURCE
Original cataloging agency GUA
Transcribing agency GUA
Modifying agency UKM
-- EQO
-- BD-RjUL
Language of cataloging eng
041 ## - LANGUAGE CODE
Language code of text/sound track or separate title eng
082 04 - DEWEY DECIMAL CLASSIFICATION NUMBER
Edition number 18
Classification number 380
Author mark and year WIC 1963
100 1# - MAIN ENTRY--PERSONAL NAME
Personal name Williams, David Treharne.
9 (RLIN) 148633
245 10 - TITLE STATEMENT
Title Commerce /
Statement of responsibility, etc. by D. Treharne Williams.
250 ## - EDITION STATEMENT
Edition statement 2d ed.
260 ## - PUBLICATION, DISTRIBUTION, ETC. (IMPRINT)
Place of publication, distribution, etc. London :
Name of publisher, distributor, etc. Longmans,
Date of publication, distribution, etc. 1962.
-- [Impression 1963]
300 ## - PHYSICAL DESCRIPTION
Pagination viii, 323 p. ;
Size 20 cm.
650 #0 - SUBJECT ADDED ENTRY--TOPICAL TERM
Topical term or geographic name as entry element Commerce.
9 (RLIN) 148634
Topical term or geographic name as entry element Business education.
9 (RLIN) 144225
942 ## - ADDED ENTRY ELEMENTS (KOHA)
Source of classification or shelving scheme Dewey Decimal Classification
Koha item type Books
Holdings
Lost status Source of classification or shelving scheme Damaged status Not for loan Collection code Permanent Location Current Location Shelving location Date acquired Source of acquisition Cost, normal purchase price Total Checkouts Full call number Date last seen Copy number Koha item type
  Dewey Decimal Classification   Not For Loan Non-fiction Central Library, University of Rajshahi Central Library, University of Rajshahi Reading Room 30/10/1965 Zeitlinger 20.00   380 WIC 1963 21/08/2016 C-1 Books
  Dewey Decimal Classification     Non-fiction Central Library, University of Rajshahi Central Library, University of Rajshahi   30/10/1965 Zeitlinger 20.00   380 WIC 1963 21/08/2016 C-2 Books